Animals that start with W by picture - Statistics

General Stats
  • This quiz has been taken 90 times
  • The average score is 10 of 15
Answer Stats
Picture Answer % Correct
Walrus
100%
Wasp
92%
Wolf
91%
Warthog
86%
White Rhino
78%
Wallaby
77%
Weasel
72%
Wildebeest
70%
Water Buffalo
69%
Wombat
66%
Whale Shark
61%
Wood Pecker
58%
Wolverine
50%
Whippet
34%
Wolf Spider
22%
No matching quizzes found
Score Distribution
Percent of People with Each Score
Percentile by Number Answered
Your Score History
You have not taken this quiz